Petrología

Uloženo v:
Podrobná bibliografie
Hlavní autor: Huang, Walter T (Autor)
Médium: Kniha
Jazyk:španělština
Vydáno: Ciudad de México Centro Regional de Ayuda Técnica 1968
Témata:
Tagy: Přidat tag
Žádné tagy, Buďte první, kdo vytvoří štítek k tomuto záznamu!

MARC

LEADER 00000nam a2200000 a 4500
001 UCO1734
003 CL-VaPUC
008 000519e19680000MX |||||||||||||||||spa|d
082 0 4 |a 552  |b HUA  |2 21 
100 0 |a Huang, Walter T  |e author  |9 444209 
245 1 0 |a Petrología 
300 |a 546 p 
942 |c BK 
945 |d 20000519 00:00:00  |a vberengu 
260 |a Ciudad de México  |b Centro Regional de Ayuda Técnica  |c 1968 
500 |a Donación de Don Walter Zeller Allier 
650 7 |a ROCAS IGNEAS  |2 CL-VaPUC  |9 357477 
650 7 |a ROCAS METAMORFICAS  |2 CL-VaPUC  |9 262681 
650 7 |a ROCAS SEDIMENTARIAS  |2 CL-VaPUC  |9 261673 
583 |a last modification  |c 20000519 00:00:00  |k Rodrigo Vera 
999 |c 288334  |d 288332 
952 |0 0  |1 0  |4 0  |6 552_000000000000000_HUA_1968  |7 0  |8 A  |9 335952  |a BIBCUR  |b BIBCUR  |d 2019-11-20  |i 3581713  |l 1  |o 552 HUA 1968  |p 3581713  |r 2025-04-22  |s 2023-05-09  |w 2019-11-20  |y BK  |k BCB